000 01864cam a22004934i 4500
003 PE-LiUPU
005 20250731173149.0
008 150623s1984 mnua r 000 0 eng d
020 _a0800635892
035 _a(Sirsi) i9780800635893
040 _aPE-LiUPU
_bspa
_cPE-LiUPU
_erda
049 _aPRUA
082 0 4 _a270.1
_bH22
_221
100 1 _aHarland, Philip A.,
_eautor.
245 1 0 _aAssociations, synagogues, and congregations :
_bclaiming a place in ancient mediterranean Society /
_cPhilip A. Harland.
264 1 _aMinneapolis :
_bFortress Press,
_c1984.
300 _a399 páginas :
_bilustraciones ;
_c23 centímetros
336 _atext
_2rdacontent
337 _aunmediated
_2rdamedia
338 _avolume
_2rdacarrier
505 0 _aAssociations in Rman Asia -- Imperial cults and connections among associations -- Synagogues and congregations within society.
526 _aSEG42
526 _aSEG41
526 _aSEG40
526 _aSEG39
526 _aP94
526 _aP87
526 _aP86
526 _aP85
526 _aP77
526 _aP76
526 _aP35
650 1 4 _aSociología cristiana
_zTurquía
_xHistoria.
650 2 4 _aSociología judía
_zTurquía
_xHistoria.
650 2 4 _aAdoración al emperador
_zTurquía.
650 2 4 _aAsociaciones, instituciones, etc. Turquía. Historia.
650 2 4 _aIglesia
_xHistoria
_yEpoca primitiva, ca. 30-600.
942 _2ddc
_cBOOK
949 _a270.1 H22
_wDEWEY
_c1
_i53382
_lCCODEBUL1
_mBUL
_p22.00
_r0
_sY
_tBOOK
_u2015-6-24
_xTEOLOGIA
_PP35
_0COMPRA
_o.STAFF. Colección General
994 _aC0
_bPEPRU
596 _a1
999 _a270.1 H22
_wDEWEY
_c35350
_i53382
_d35350
_f2021-11-11
_g4
_lCCODEBUL1
_mBUL
_p22.00
_q1
_r0
_sY
_tBOOK
_u2015-6-24
_xTEOLOGIA
_PP35
_0COMPRA
_o.STAFF. Colección Teología
980 _81
_gALBERTO SANCHEZ Responsable de Automatización